|
|
|
|
| LEADER |
00000nab a2200000ua 4500 |
| 001 |
vtls010746389 |
| 005 |
20260312105158.0 |
| 008 |
250718s1980 xo |||||||||||||||||slo| |
| 015 |
|
|
|a SNBRB
|
| 035 |
|
|
|a (urnnbn)urn:nbn:sk:snk:ar-a01wjs
|
| 035 |
|
|
|a (uuid)6cd1fcf5-1d84-43b4-b2b2-d3cb412cc5d8
|
| 035 |
|
|
|a urn:nbn:sk:snk-ab4gx7
|
| 040 |
|
|
|a SNKBUCL
|b slo
|c SNKBUCL
|e AACR2
|
| 041 |
0 |
|
|a cze
|
| 044 |
|
|
|a xo
|c SK
|
| 100 |
|
|
|a Čech, Vladimír Herbert,
|d 1920-
|4 aut
|9 1634716
|
| 245 |
1 |
0 |
|a Sociální aspekty řízení pracovních kolektivů
|c Vladimír Čech
|
| 773 |
0 |
|
|t Sociológia : časopis Sociologického ústavu Slovenskej akadémie vied
|g Roč. 12, č. 2 (1980), s. 182-185
|
| 852 |
|
|
|a Slovenská národná knižnica
|
| 958 |
|
|
|a article3
|
| 958 |
|
|
|a OND
|
| 958 |
|
|
|a EUIPO
|
| 999 |
|
|
|c 3109113
|d 3111043
|